ARRUPE JESUIT UNIVERSITY

CORONAVIRUS -STOP THE SPREAD - CLEAN,DISINFECT,COVER

An essay on alternatives in education (Record no. 125265)

MARC details
000 -LEADER
fixed length control field 00784cam a2200253 4500
001 - CONTROL NUMBER
control field 1304783
003 - CONTROL NUMBER IDENTIFIER
control field ARRUPE
005 - DATE AND TIME OF LATEST TRANSACTION
control field 20160916084616.0
008 - FIXED-LENGTH DATA ELEMENTS--GENERAL INFORMATION
fixed length control field 711126s1971 mx b 000 0 eng
010 ## - LIBRARY OF CONGRESS CONTROL NUMBER
LC control number 77030084
040 ## - CATALOGING SOURCE
Original cataloging agency DLC
Transcribing agency DLC
Modifying agency DLC
050 00 - LIBRARY OF CONGRESS CALL NUMBER
Classification number LB41
Item number .R42 1971
082 00 - DEWEY DECIMAL CLASSIFICATION NUMBER
Classification number 370
300 ## - PHYSICAL DESCRIPTION
Dimensions 24 cm.
100 1# - MAIN ENTRY--PERSONAL NAME
Personal name Reimer, Everett W.
9 (RLIN) 25893
245 13 - TITLE STATEMENT
Title An essay on alternatives in education
Statement of responsibility, etc [by] Everett Reimer.
250 ## - EDITION STATEMENT
Edition statement 2d ed., rev. and amplified.
260 ## - PUBLICATION, DISTRIBUTION, ETC. (IMPRINT)
Place of publication, distribution, etc Cuernavaca,
Name of publisher, distributor, etc Centro Intercultural de Documentacion,
Date of publication, distribution, etc 1971.
300 ## - PHYSICAL DESCRIPTION
Extent 1 v. (various pagings)
440 #0 - SERIES STATEMENT/ADDED ENTRY--TITLE
Title CIDOC cuaderno ;
Volume number/sequential designation no. 58
9 (RLIN) 25894
504 ## - BIBLIOGRAPHY, ETC. NOTE
Bibliography, etc Includes bibliographies.
650 #0 - SUBJECT ADDED ENTRY--TOPICAL TERM
Topical term or geographic name as entry element Education.
9 (RLIN) 18163
906 ## - LOCAL DATA ELEMENT F, LDF (RLIN)
a 7
b cbc
c orignew
d 4
e ocip
f 19
g y-gencatlg
942 ## - ADDED ENTRY ELEMENTS (KOHA)
Source of classification or shelving scheme Library of Congress Classification
Koha item type Monograph ( Printed materials)
Holdings
Withdrawn status Lost status Source of classification or shelving scheme Damaged status Not for loan Collection code Home library Current library Shelving location Date acquired Total Checkouts Full call number Barcode Date last seen Price effective from Koha item type
    Library of Congress Classification     Main Collection ARRUPE LIBRARY ARRUPE LIBRARY Main Collection 16/09/2016   LB41 .R423 1970 46500010146 28/06/2018 16/09/2016 Monograph ( Printed materials)

 

Arrupe Library. PO Box MP320 Mt Pleasant, Harare, Zimbabwe
263 242 745411|librarian@aju.ac.zw